000 02583nam a2200121 4500
008 150710b xxu||||| |||| 00| 0 eng d
020 _a0916675149
100 _aMorgan, Robert B.
_lEnglish
245 _aThe Hungarian Hyperinflation of 1945-1946
_bThe Postage Rates and Postal History of Histor's Most Impressive Inflation
260 _aChicago, Illinois
_bThe Collectors Club of Chicago
_c2003
500 _l2003104997
_a Bibliography: p. 261-264. Includes index. Includes "scarcity evaluation of 'single stamp' covers and 'fewest stamp' franking. It allows the establishment of a numerical scaracity value for most covers in these categories, within each rate period, and takes into consideration the type of service performed."--p. iv. Includes English-Hungarian and Hungarian-English glossaries. Includes Concordance of Scott, MBA, Zumstein, and Michel Catalogue numbers in chronological order. Includes list of contacts.
650 _aHungary (1871-) | Inflation Issues | 1945-1946 | Post World War II | Inflation Period | Hyperinflation Period | History | Stamps | Histories | Overprints and Surcharges | Provisionals and Forerunners | Definitive Issues | Commemorative Issues | Semi-postal Issues | Postage Dues | Parcel Post | Postal History | Postal Rates | Postal Laws and Regulations | Postal Service | Covers | Postal Markings | Postage Paid Markings | Fee Hand Cancels | Paid by Cash Markings | Postal Control Numbers | Postal Transmission Numbers | Fee Paid Mail | Post Offices | Monetary Systems and Rates of Exchange | Metered Mail | Postal Stationery | Cards | Reply Cards | Reply Cards and Envelopes | Printed Matter | Official Mail | Air Mail | Air Mail -- Rates | Registered Mail | Parcel Post | Special Delivery | Acknowledgement of Receipt | Insured Mail | Money Orders | C.O.D. Mail | Transit Markings | Redirected Mail | Forwarded Mail | International Mail | Covers -- Census | Covers -- Bogus and Fraudulent | Postal Markings -- Bogus and Forged | Forgeries and Counterfeits | Perfins | Single Used Frankings | Fewest Stamps Used Franking | FSUs | Prices and Values | Censored Mail | Postal Agencies | Post Offices | Post Office Seals and Labels | First Days | Last Days | Anniversaries, Celebrations, etc. | Mobile Post Offices | Prisoner-of-War and Internee Mail | Free Franks | 20th Century | Concordances | Bibliographies | Dictionaries and Encyclopedias | Pre-Hyperinflation Period | Post-Hyperinflation Period | Inflation (Finance) -- History | Monetary Policy -- History | World War II, 1939-1945 -- Finance | Post World War II -- Economic Conditions | Experts
999 _c1644
_d1644